| 000 | 01693nam a2200445Ii 4500 | ||
|---|---|---|---|
| 001 | DIGICAR0073 | ||
| 003 | NyNyDIG | ||
| 006 | m o d | ||
| 007 | cr ||||||||||| | ||
| 008 | 241204s2021 sp a ob 000 0 spa d | ||
| 035 | _a(OCoLC)1478204225 | ||
| 040 |
_aDGITA _beng _erda _epn _cDGITA |
||
| 020 | _z9788498889925 | ||
| 041 | 0 |
_aspa _bspa _beng |
|
| 043 | _ae-sp--- | ||
| 050 | 1 | 4 | _aDP302.C69 ebook |
| 100 | 1 |
_aFisas Armengol, Vicenç, _eauthor. |
|
| 245 | 1 | 0 |
_aRepensar el "procés" a través del diálogo / _cVicenç Fisas Armengol. |
| 246 | 3 | _aRepensar el procés a través del diálogo | |
| 250 | _aPrimera edición. | ||
| 264 | 1 |
_aBarcelona : _bIcaria Editorial, _c[2021] |
|
| 300 |
_a1 online resource : _billustrations. |
||
| 336 |
_atext _btxt _2rdacontent |
||
| 337 |
_acomputer _bc _2rdamedia |
||
| 338 |
_aonline resource _bcr _2rdacarrier |
||
| 347 |
_atext file _2rdaft |
||
| 347 | _bPDF | ||
| 490 | 1 | _aAntrazyt. Política | |
| 504 | _aIncludes bibliographical references. | ||
| 588 | 0 | _aOnline resource; title from PDF title page (Digitalia, viewed December 4, 2024) | |
| 650 | 0 |
_aNationalism _zSpain _zCatalonia _xHistory _y21st century. |
|
| 651 | 0 |
_aSpain _xPolitics and government. |
|
| 776 | 0 | 8 |
_iPrint version: _aFisas Armengol, Vicenç. _tRepensar el "procés" a través del diálogo. _bPrimera edición. _dBarcelona : Icaria Editorial, [2021] _z9788498889925 |
| 791 | 2 |
_aDigitalia (Firm), _edistributor. |
|
| 793 | 0 |
_gDigitalia eBook Collection: _aIcaria Editorial |
|
| 830 | 0 |
_aAntrazyt. _pPolítica. |
|
| 856 | 4 | 0 |
_3Digitalia Hispánica _uhttps://www.digitaliapublishing.com/a/158398/ |
| 910 | _aPremium collection: 2024 | ||
| 942 | _cRAA | ||
| 999 |
_c287624 _d287624 |
||